00645nam a22001817a 4500003000400000005001700004008004100021020001500062040002900077050002600106100001500132245018000147260003500327300004700362650002500409650001300434700001600447OSt20260610130113.0260610b |||||||| |||| 00| 0 eng d a0205366090 cChuka University Library aLB 1050.455b.P5 2004 aPike Kathy aMaking Nonfiction and other Informational Texts come Alive:bA Practical Approach to Reading, Writing, and using Nonfiction and other Informational Texts across the Curriculum aBoston New YorkbPearsonc2004 ax 214 pagesbillustrated includes indexes aContent Area Reading aLiteracy aMumper Jean